Elementary applied statistics: for students in behavioral science
Uloženo v:
| Hlavní autor: | |
|---|---|
| Médium: | Kniha |
| Jazyk: | angličtina |
| Vydáno: |
Nueva York
John Wiley and Sons
1965
|
| Témata: | |
| Tagy: |
Přidat tag
Žádné tagy, Buďte první, kdo vytvoří štítek k tomuto záznamu!
|
MARC
| LEADER | 00000nam a2200000 a 4500 | ||
|---|---|---|---|
| 001 | UCP0852 | ||
| 003 | CL-VaPUC | ||
| 008 | 990319e19650000US |||||||||||||||||eng|d | ||
| 082 | 0 | 4 | |a 519.5 |b FRE |2 21 |
| 100 | 0 | |a Freeman, Linton C |e author |9 426452 | |
| 245 | 1 | 0 | |a Elementary applied statistics: for students in behavioral science |
| 300 | |a 298 p | ||
| 942 | |c BK | ||
| 945 | |d 19990319 00:00:00 |a crobeson | ||
| 260 | |a Nueva York |b John Wiley and Sons |c 1965 | ||
| 650 | 0 | |a Estadística matemática |9 260028 | |
| 650 | 0 | |a Inferencia estadística |9 312855 | |
| 650 | 7 | |a DISTRIBUCION |2 CL-VaPUC |9 263761 | |
| 650 | 7 | |a PRUEBAS DE HIPOTESIS |2 CL-VaPUC |9 424773 | |
| 583 | |a last modification |c 19990319 00:00:00 |k Rodrigo Vera | ||
| 999 | |c 279591 |d 279589 | ||
| 952 | |0 0 |1 0 |4 0 |6 519_500000000000000_FRE_1965 |7 0 |8 A |9 319166 |a BIBGIM |b BIBGIM |d 2019-11-20 |i 133316K |o 519.5 FRE 1965 |p 133316K |r 2025-01-15 |w 2019-11-20 |y BK |k EST | ||